Cẩm nang bách khoa gia đình

Gespeichert in:
Bibliographische Detailangaben
1. Verfasser: Hoàng Nhung
Format: Buch
Sprache:Undetermined
Veröffentlicht: Thanh Hóa Nhà xuất bản Thanh Hóa 2004
Schlagworte:
Tags: Tag hinzufügen
Keine Tags, Fügen Sie den ersten Tag hinzu!
Thư viện lưu trữ: Trung tâm Học liệu Trường Đại học Cần Thơ
LEADER 00551nam a2200193Ia 4500
001 CTU_93872
008 210402s9999 xx 000 0 und d
020 |c 34000 
082 |a 640 
082 |b H407 
100 |a Hoàng Nhung 
245 0 |a Cẩm nang bách khoa gia đình 
245 0 |c Hoàng Nhung, Thanh Thúy 
260 |a Thanh Hóa 
260 |b Nhà xuất bản Thanh Hóa 
260 |c 2004 
650 |a Family life education,Home economics 
904 |i Tuyến 
980 |a Trung tâm Học liệu Trường Đại học Cần Thơ